00995 2200313 4500001002100000005001500021035002000036007000300056008004100059020002200100040002200122082001800144084002000162245003900182850001200221264004400233336002100277337002300298338003800321300003100359856007600390852002000466500006900486650001900555504003300574100003000607990002200637990002200659INLIS00000000086726420211124100715 a0010-1121001345ta211109s2012 jki gs | ind d a978-602-00-1894-2 aYOPDYOGbinderda04223a618.92238 a618.92238 AND a10aAsthma in motion /cAndri Priyatna aYOPDYOG31aJakarta :bElex Media Komputindo,c2012 2rdacontentateks 2rdamediaakomputer 2rdacarrierasumber sambung jaring a1 berkas komputer (1,7 MB)40nPerpustakaan Digital iJogjauhttp://ijogja.id /publications/books/201638 aaplikasi iJogja aUntuk mengakses buku ini silakan unduh aplikasi http://ijogja.id 4aAsma pada anak aBibliografi: halaman 179-1800 aAndri PriyatnaePengarang a001989-EPD/B.2017 a001990-EPD/B.2017